000 00557nam a2200169 a 4500
008 120416s1997 ||||||||||||||||| || u
020 _a0340662751
050 _aQC 176.8.E4 Ibb
100 _aIbbotson, Lem
245 1 0 _aIntroduction to solid state devises
260 _aLondon
_bArnold
_c1997
300 _av ; 184p. ;ill.
350 _a0.00
650 0 _aPHYSICS
650 _aSOLID WASTE
995 _D0.00
_FCBU-MAIN LIBRARY (Kitwe)
_H1
_I20.00
_M1
_UAVAILABLE
_ZMain Library Open Access Collection
999 _c47998
_d47998